Normal view
MARC view
Entry Topical Term
001 - CONTROL NUMBER
- control field: 26464
003 - CONTROL NUMBER IDENTIFIER
- control field: ARRUPE
005 - DATE AND TIME OF LATEST TRANSACTION
- control field: 20161005102204.0
008 - FIXED-LENGTH DATA ELEMENTS
- fixed length control field: 161005|| aca||aabn | a|a d
040 ## - CATALOGING SOURCE
- Original cataloging agency: ARRUPE
- Transcribing agency: ARRUPE
150 ## - HEADING--TOPICAL TERM
- Topical term or geographic name as entry element: Working class
- Geographic subdivision: Zimbabwe
670 ## - SOURCE DATA FOUND
- Source citation: Work cat.: (ARRUPE)2919: Phimister, Ian R. 26461, Studies in the history of african mine labour in colonial zimbabwe